000 01064cam a22002531i 4500
003 SA-RiAUC
005 20251022080828.0
008 251008s2000 su ah g 00000 ara c
020 _a9960624676
040 _aSA-JeALM
_bara
_cSA-RiAUC
_erda
082 0 4 _a091.1
_qSA-RiAUC
090 _a091.1
_bم ش و
100 1 _aالمشوخي، عابد سليمان،
_d1372 هجري-
_eمؤلف.
245 1 2 _aالمخطوطات العربية :
_bمشكلات وحلول /
_cعابد سليمان المشوخي.
264 1 _aالرياض :
_bمكتبة الملك عبد العزيز العامة،
_c2001
300 _a217 + صفحة :
_bإيضاحيات ؛
_c24 سم.
336 _aنص
_btxt
_2rdacontent
_3كتاب
337 _aبدون وسيط
_bn
_2rdamedia
338 _aمجلد
_bnc
_2rdacarrier
490 0 _aمطبوعات مكتبة الملك عبد العزيز العامة - الاعمال المحكمة ؛
_v30
650 7 _aالمخطوطات العربية
_xتحقيق
_2aucsh
942 _2ddc
_cBOOK
_n0
949 _aSA-JeALM
_d251008
_uosman123
_n1
999 _c12700
_d12700